| 000 | 00720nam a2200253 a 4500 | ||
|---|---|---|---|
| 005 | 20210219153428.0 | ||
| 008 | 991125n 000 0 eng u | ||
| 035 | _aUPN01000098314 | ||
| 100 | _aRinaldi, Cecilia | ||
| 222 | _aEDUCATIONAL EVALUATION AND POLICY ANALYSIS | ||
| 245 | _aSanto Domingo School : a rural schoolwide project success | ||
| 300 | _a363-368 | ||
| 362 | _a1991 13/4 | ||
| 505 | _amay. | ||
| 653 | 0 | _aEDUCACION COMPENSATORIA | |
| 653 | 0 | _aEDUCACION SUPLEMENTARIA | |
| 653 | 0 | _aINDIOS AMERICANOS | |
| 653 | 0 | _aPOLITICA EDUCATIVA | |
| 653 | 0 | _aREESTRUCTURACION ESCOLAR | |
| 700 | _aBaca, Mary Rose C. de | ||
| 700 | _aBillig, Shelley H. | ||
| 904 |
_aAC _b036125 |
||
| 905 | _aArticulo | ||
| 999 |
_c76532 _d76532 |
||